Представление документа в формате MARC21

Поле Инд. ПП Название Значение
Тип записи a
Библиографический уровень m
001 Контрольный номер RU/LIBMSTU/285954942
005 Дата корректировки 20200512140030.8
008 Кодируемые данные 090130|||||||||ru |||||||||||000|||rus||
020 a ISBN 978-5-85971-929-7
020 a ISBN 978-5-390-00114-1 (т. 5)
c Цена, тираж 194-33
040 b Код языка каталог. rus
041 0_ a Код языка текста rus
084 a Индекс другой классификации/Индекс ББК 65.03
090 a Полочн. индекс 65.03
x Авторский знак Э 40
245 10 a Заглавие Экономическая история мира
c Ответственность [Агапова И. И. и др.] ; под общ. ред. М. В. Конотопова ; Рос. акад. наук [и др.]
n Номер части/ раздела В 6 т. Т. 5
260 a Место издания Москва
b Издательство КноРус
c Дата издания 2008
300 a Объем 341 с.
500 a Примечание Авт. указаны на обороте тит. л.
600 14 a Персоналии Косыгин А. Н., советский государственный деятель
600 34 a Персоналии Кейнс Д. М., английский экономист
600 34 a Персоналии Хайек Ф., экономист, философ
600 34 a Персоналии Фридман М., экономист
650 04 a Основная рубрика Экономическая история мира
651 _4 a Географическое наименование Россия
651 _4 a Географическое наименование Восточная Европа
653 0_ a Ключевые слова Экономика
653 1_ a Ключевые слова Экономическая история мира
653 1_ a Ключевые слова Мировое хозяйство
653 1_ a Ключевые слова Экономическая мысль
653 1_ a Ключевые слова Античный мир
653 1_ a Ключевые слова Философия экономики
653 1_ a Ключевые слова Индустриальное общество
700 12 a Другие авторы Конотопов М. В.
e Роль лиц авт.-ред.
901 t Тип документа m